| 000 | 00896nas a2200265 4500 | ||
|---|---|---|---|
| 001 | BR8600795 | ||
| 003 | BR-BrBNA | ||
| 005 | 20231205090345.0 | ||
| 007 | ta | ||
| 008 | 230509b bl.|||p| |||| 00| 00por d | ||
| 040 |
_aBR-BrBNA _bpor _cBiblioteca Nacional de Agricultura |
||
| 041 | _a(Pt) | ||
| 072 | _aF01 | ||
| 100 | 1 | _aMattos, J.R. | |
| 100 | 1 | _aBraga Junior, R.L.C. | |
| 100 | 1 | _aCampos, H. | |
| 245 | 1 | _aEstudo de 7 cultivares de gladiolos (Gladiolus grandiflorus L.)em duas profundidades de plantio | |
| 246 | 1 | _aStudy of 7 varieties of gladiolos (Gladiolus grandiflorus L.)in two plantation depths | |
| 650 | _aGLADIOLO | ||
| 650 | _aVARIEDADE | ||
| 650 | _aPLANTIO | ||
| 773 | 0 |
_tAnais da Escola Superior de Agricultura Luiz de Queiroz (Brazil) _xISSN 0071-1276 _g(1983), v. 40(1) p. 473-495 _wBR8600795 |
|
| 909 |
_a202311 _bLúcia _c55 _dLúcia Elande |
||
| 942 |
_2AGRIS _n0 _cANA |
||
| 999 |
_c117839 _d117839 |
||